000 00421nam a2200181Ia 4500
008 221030s9999 xx 000 0 und d
020 _a8120309618
041 _aEnglish
082 _a105.23
_bTul
100 _aD. S. Tull
245 0 _aMarketing Research Measurement & Method
250 _a6th
260 _bPHI
_aNew Delhi
_c2004
300 _a863
650 _aManagement
700 _aD. I. Hawkins
942 _cBK
999 _c1724
_d1724